| 000 | 01088nkm a2200253 i 4500 | ||
|---|---|---|---|
| 001 | 4137 | ||
| 003 | ES-MaACL | ||
| 005 | 20250713062933.0 | ||
| 007 | khrbo | ||
| 008 | 070628s1987 sp --- g |001||spa d | ||
| 100 | 0 |
_aAlfonso, _d1902-1990 _919858 |
|
| 245 | 1 | 0 |
_aConcierto a cargo del quinteto de viento "Villa de Madrid" [ _hFotografía] / _cAlfonso (sello). |
| 260 |
_a[S.l. : _bs.n.], _c1987. |
||
| 300 |
_a2 fot. : _bb. y n. ; _c12 x 18 cm. |
||
| 500 | _aDatos basados en invitación. | ||
| 511 | 0 | _aInterviene: Quinteto de viento "Villa de Madrid" | |
| 518 | _aActo organizado por la Sección de Música del Ateneo de Madrid, celebrado en el salón de actos el sábado, 7 de noviembre de 1987, a las 19:30 h. | ||
| 610 | 2 | 7 |
_aAteneo de Madrid- _xActos culturales- _y1987- _vFotografías. _91902 |
| 710 | 2 |
_aAteneo de Madrid. _bSección de Música. _92004 |
|
| 710 | 2 |
_aQuinteto de viento "Villa de Madrid" _96280 |
|
| 852 |
_aES-MaACL _jFOT 202/1987 |
||
| 856 | 4 |
_uhttp://www.ateneodemadrid.net/biblioteca_digital/imagenes/1987/0202-1987.jpg _zVer imagen |
|
| 999 |
_c4137 _d4137 |
||